Capital humano y medio ambiente /
Zapisane w:
| 1. autor: | |
|---|---|
| Format: | Texto |
| Hasła przedmiotowe: | |
| Etykiety: |
Dodaj etykietę
Nie ma etykietki, Dołącz pierwszą etykiete!
|
MARC
| LEADER | 00000 a a2200000 04500 | ||
|---|---|---|---|
| 001 | 5335 | ||
| 003 | |||
| 040 | |||
| 100 | |a García Páez, Benjamín | ||
| 245 | |a Capital humano y medio ambiente / |c Benjamín García Páez | ||
| 650 | |a MEDIO AMBIENTE | ||
| 650 | |a CRECIMIENTO ECONOMICO | ||
| 650 | |a POBREZA | ||
| 650 | |a EDUCACION | ||
| 773 | |g número 316; páginas 16-21 | ||
| 999 | |c 23106 |d 23106 | ||
